LEADER 01037nam0-2200349---450 001 990008620580403321 005 20190506142615.0 010 $a88-7220-229-9 035 $a000862058 035 $aFED01000862058 035 $a(Aleph)000862058FED01 035 $a000862058 100 $a20080219d2005----km-y0itay50------ba 101 0 $aita 102 $aIT 105 $aa-------001yy 200 1 $aAgricoltura di precisione$econcetti teorici e applicazioni pratiche$fBruno Basso, Luigi Sartori, Matteo Bertocco 210 $aVerona$cL'Informatore Agrario$dc2005 215 $aIX, 156 p.$cill.$d30 cm 610 0 $aAgricoltura di precisione 610 0 $aAgronomia 676 $a631.5$v20$zita 700 1$aBasso,$bBruno$0306553 701 1$aSartori,$bLuigi$0155125 701 1$aBertocco,$bMatteo$0306551 801 0$aIT$bUNINA$gRICA$2UNIMARC 901 $aBK 912 $a990008620580403321 952 $a60 631.5 BASB 2005$b11148$fFAGBC 959 $aFAGBC 996 $aAgricoltura di precisione$988012 997 $aUNINA LEADER 01109nam--2200361---450- 001 990006121580203316 005 20160205113746.0 010 $a978-3-0343-0993-6 035 $a000612158 035 $aUSA01000612158 035 $a(ALEPH)000612158USA01 035 $a000612158 100 $a20160205d2014----km-y0itay50------ba 101 $aeng 102 $aDE 105 $a||||||||001yy 200 1 $aBehind the image$eunderstanding the Old Testament in Medieval art$fJudith A. Kidd 210 $aOxford [etc.]$cLang$d2014 215 $aXIII, 257 p.$d22 cm 225 2 $aCultural interactions$v30 410 0$12001$aCultural interactions$v30 606 0 $aBibbia. Vecchio Testamento$xIconografia$zSec. 12.-13.$2BNCF 676 $a704.9484 700 1$aKIDD,$bJudith A.$0715464 801 0$aIT$bsalbc$gISBD 912 $a990006121580203316 951 $aXII.2.A. 926$b246227 L.M.$cXII.2.A.$d385210 959 $aBK 969 $aUMA 979 $aALESSANDRA$b90$c20160205$lUSA01$h1135 979 $aALESSANDRA$b90$c20160205$lUSA01$h1137 996 $aBehind the image$91384708 997 $aUNISA